| 000 | 00000nam##2200000za#4500 |
| 001 | 9.536875 |
| 003 | CaOODSP |
| 005 | 20210615084515 |
| 007 | ta |
| 008 | 150406|2002||||xxc||||| f|0| 0 fre|d |
| 020 | |a0-660-62134-7 |
| 040 | |aCaOODSP|bfre |
| 041 | |aeng |
| 041 | |afre |
| 043 | |an-cn--- |
| 086 | 1 |aBT31-4/89-2002 |
| 110 | 1 |aCanada. |bConseil du trésor. |
| 245 | 10|aRésolution des questions des pensionnats indiens Canada |
| 260 | |aOttawa - Ontario : |bSecrétariat du Conseil du Trésor du Canada |c2002. |
| 300 | |a22p. : |bgraphiques, ill., tableaux ; |c28 cm. |
| 490 | 1 |aRapport sur le rendement pour la période se terminant le 31 mars 2002 |
| 563 | |aCouverture souple |
| 590 | |a02-46|b2002-11-15 |
| 691 | 07|aAutochtones|2gcpds |
| 691 | 07|aInstitution fédérale|2gcpds |
| 691 | 07|aPrévisions budgétaires|2gcpds |
| 776 | 0#|tIndian Residential Schools Resolution Canada, performance report for the period ending March 31, 2002 |w(CaOODSP)9.573043 |
| 776 | 0#|tRésolution des questions des pensionnats indiens Canada, rapport sur le rendement pour la période se terminant le 31 mars 2002 |w(CaOODSP)9.603283 |
| 791 | |tIndian Residential Schools Resolution Canada |eeng|w(CaOODSP)9.536874 |
| 830 | #0|aRapport sur le rendement pour la période se terminant le 31 mars 2002.|w(CaOODSP)9.510739 |